Материалы Седьмой международной конференции "Системы безопасности" - СБ-98 Международного форума информатизации, 28 окт. 1998, Москва (Запись № 411916)

Подробности
000 -МАРКЕР
контрольное поле 02442nam0a2200385 4500
001 - ИДЕНТИФИКАТОР ЗАПИСИ
контрольное поле RU\NLR\bibl\76252
005 - ИДЕНТИФИКАТОР ВЕРСИИ
контрольное поле 20260407053705.0
021 ## - НОМЕР ГОСУДАРСТВЕННОЙ РЕГИСТРАЦИИ
Код страны Российская Федерация
Номер 1998-44913
Номер Листа государственной регистраци 2152
035 ## - ДРУГИЕ СИСТЕМНЫЕ НОМЕРА
Идентификатор записи (NLR Aleph) 000074427
100 ## - ДАННЫЕ ОБЩЕЙ ОБРАБОТКИ
Данные общей обработки 20000322d1998 |||y0rusy50 ca
101 0# - ЯЗЫК РЕСУРСА
Язык текста, звукозаписи и т.д. русский
-- английский
102 ## - СТРАНА ПУБЛИКАЦИИ ИЛИ ПРОИЗВОДСТВА
Страна публикации Российская Федерация
105 ## - ПОЛЕ КОДИРОВАННЫХ ДАННЫХ: ТЕКСТОВЫЕ МАТЕРИАЛЫ, МОНОГРАФИЧЕСКИЕ
Кодированные данные о монографическом текстовом документе a |||||||||
200 1# - ЗАГЛАВИЕ И СВЕДЕНИЯ ОБ ОТВЕТСТВЕННОСТИ
Основное заглавие Материалы Седьмой международной конференции "Системы безопасности" - СБ-98 Международного форума информатизации, 28 окт. 1998, Москва
Параллельное заглавие Proceedings of the Seventh International Conference "Safety systems" - SS-98 of International Informatization Forum, оctober 28 1998, Moscow
Язык параллельного заглавия английский
210 ## - ПУБЛИКАЦИЯ, РАСПРОСТРАНЕНИЕ И ДР.
Место издания, распространения и т.д. М.
Имя издателя, распространителя и т. д. Изд-во Моск. ин-та пожар. безопасности
Дата издания, распространения и т.д. 1998
215 ## - ФИЗИЧЕСКАЯ ХАРАКТЕРИСТИКА
Специфическое обозначение материала и объем 243 с.
Другие сведения о физической характеристике ил.
Размеры 20
300 ## - ОБЩИЕ ПРИМЕЧАНИЯ
Текст примечания В надзаг.: Междунар. акад. информатизации, М-во науки и технологий РФ, Ин-т машиноведения Рос. акад. наук и др.
300 ## - ОБЩИЕ ПРИМЕЧАНИЯ
Текст примечания Текста на рус. и англ. яз.
320 ## - ПРИМЕЧАНИЯ О НАЛИЧИИ В ДОКУМЕНТЕ БИБЛИОГРАФИИ / УКАЗАТЕЛЯ
Текст примечания Библиогр. в конце докл.
510 1# - ПАРАЛЛЕЛЬНОЕ ЗАГЛАВИЕ
Связь между полями z01791
Параллельное заглавие Proceedings of the Seventh International Conference "Safety systems" - SS-98 of International Informatization Forum October 28 1998, Moscow
Язык заглавия английский
606 0# - НАИМЕНОВАНИЕ ТЕМЫ КАК ПРЕДМЕТ
Наименование темы Пожарная сигнализация автоматическая
Формальный подзаголовок Съезды, совещания и т.п.
Системный номер авторитетной/нормативной записи 965143
Идентификатор авторитетной/нормативной записи RU\NLR\auth\66361116
606 0# - НАИМЕНОВАНИЕ ТЕМЫ КАК ПРЕДМЕТ
Наименование темы Пожарная сигнализация автоматическая
Формальный подзаголовок Тезисы докладов
Системный номер авторитетной/нормативной записи 965143
Идентификатор авторитетной/нормативной записи RU\NLR\auth\66361116
606 0# - НАИМЕНОВАНИЕ ТЕМЫ КАК ПРЕДМЕТ
Наименование темы Сигнализация охранная
Формальный подзаголовок Съезды, совещания и т.п.
Системный номер авторитетной/нормативной записи 1837601
Идентификатор авторитетной/нормативной записи RU\NLR\auth\66831524
606 0# - НАИМЕНОВАНИЕ ТЕМЫ КАК ПРЕДМЕТ
Наименование темы Охранная сигнализация
Формальный подзаголовок Тезисы докладов
Системный номер авторитетной/нормативной записи 2226695
Идентификатор авторитетной/нормативной записи RU\NLR\auth\661336699
686 ## - ИНДЕКСЫ ДРУГИХ КЛАССИФИКАЦИЙ
Индекс Н960.2-571-05я431
686 ## - ИНДЕКСЫ ДРУГИХ КЛАССИФИКАЦИЙ
Индекс З885.24я431
710 12 - НАИМЕНОВАНИЕ ОРГАНИЗАЦИИ - ПЕРВИЧНАЯ ОТВЕТСТВЕННОСТЬ
Начальный элемент ввода "Системы безопасности", международная конференция
Порядковый номер временной организации и / или порядковый номер ее части 7
Дата проведения временной организации 1998
Место проведения временной организации Москва
Идентификатор авторитетной/нормативной записи RU\NLR\AUTH\8810023719
Системный номер авторитетной/нормативной записи 545464
791 12 - НАИМЕНОВАНИЕ ОРГАНИЗАЦИИ - АЛЬТЕРНАТИВНАЯ ФОРМА
Начальный элемент ввода "Safety systems", international conference
Порядковый номер временной организации и / или порядковый номер ее части 7
Дата проведения временной организации 1998
Место проведения временной организации Moscow
Идентификатор авторитетной/нормативной записи RU\NLR\auth\8810023720
Системный номер авторитетной/нормативной записи 545466
801 #0 - ИСТОЧНИК ЗАПИСИ
Страна Российская Федерация
Организация NLR
Дата составления 20000322
Правила каталогизации PSBO
801 #1 - ИСТОЧНИК ЗАПИСИ
Страна Российская Федерация
Организация NLR
Дата составления 20000322
852 ## - МЕСТОНАХОЖДЕНИЕ И ШИФР ХРАНЕНИЯ
Идентификатор организации NLR
Шифр хранения (Call Number) 99-3/20773
942 ## - ДОПОЛНИТЕЛЬНЫЕ ЭЛЕМЕНТЫ ЗАПИСИ (АБИС)
Тип экземпляра АБИС Книга
980 ## - КОЛЛЕКЦИЯ
Название коллекции Национальная библиография
Экземпляры
Тип экземпляра Дата поступления Источник поступления Библиотека постоянного хранения Библиотека текущего хранения Место хранения Шифр хранения Штрих-код Статус экземпляра
Книга 22.03.2000 Обязательный экземпляр РНБ (Московский) РНБ (Московский) Русский книжный фонд: издания с 1957 года 99-3/20773 15892